00884nam a2200217 a 450000100060000000300090000600800410001504000280005608200140008410000540009824500740015226000390022630000110026559000610027665000480033765000570038565000460044294200120048899900170050095201490051715813CO-ViMGA141112s2004 ck r 000 u spa d aCO-ViMGAbspacCO-ViMGA04a382 C656a1 aColombia : Ministerio de Justicia y del Derecho, 10aAcuerdos Internacionales de facilitación del comercio Internacional aBogotá, cImprenta Nacional.1997 a179.p. aForma de adquisición : Donación - - Precio : 10.00014aCOMERCIO INTERNACIONAL - LEGISLACION92275014aDERECHO COMERCIAL INTERNACIONAL - LEGISLACION92275114aTRATADOS COMERCIALES - LEGISLACION922752 2ddccBK c25884d25884 00102ddc40708003aMEVIECARbMEVIECARd2015-12-04hVolumen. 1 | 11/jun/2009l0o382 C656a p15813r2015-12-04 00:00:00tEj. 1w2015-12-04yBK